| 000 | 01142nam a22003377a 4500 | ||
|---|---|---|---|
| 003 | CHAP | ||
| 005 | 20220329134429.0 | ||
| 008 | 971013s1970 r 00010 d | ||
| 010 | _a20376 | ||
| 011 | _a21348 | ||
| 035 | _a25438 | ||
| 040 | _cCHAP | ||
| 082 |
_a519.5 _bD59Y 1957 |
||
| 100 | 0 | 0 |
_aDixon, Wilfred J. _933065 |
| 245 | _aIntroducción al análisis estadístico | ||
| 260 |
_aMéxico, D.F. : _bMcGraw-Hill, _c1970 |
||
| 300 | _a489 p. | ||
| 500 | _aTrad. de la 2 ed. en inglés de 1957 | ||
| 590 |
_aBATCH-UPD _b10 _c20130110 _lUCH01 _h1739 |
||
| 590 |
_aBATCH-UPD _b10 _c20130410 _lUCH01 _h1119 |
||
| 590 |
_aBATCH-UPD _b10 _c20130914 _lUCH01 _h0347 |
||
| 590 |
_aCONVERSION _b10 _c20130109 _lUCH01 _h1312 |
||
| 650 | 1 | 4 |
_aAnálisis estadístico. _95984 |
| 650 | 1 | 4 |
_aEstadística. _938241 |
| 700 | 0 |
_aMassey, Frank Jones, Jr. _972819 |
|
| 901 | _aBK | ||
| 942 | _cLIBRO | ||
| 949 |
_a519.5 D59Y 1957 _bBC _cLIBRO _d33724000409942 _eLIBRO _h33907 _i25438 _si |
||
| 949 |
_a519.5 D59Y 1957 _bBC _cLIBRO _d33724000409967 _eLIBRO _fc.3 _h50540 _i25438 _si |
||
| 949 |
_a519.5 D59Y 1957 _bBC _cLIBRO _d33724000820908 _eLIBRO _fc.2 _h4647 _i25438 _si |
||
| 999 |
_c20376 _d20376 |
||